| 000 | 00578nam a2200229 a 4500 | ||
|---|---|---|---|
| 005 | 20210219153143.0 | ||
| 008 | 991125n 000 0 u | ||
| 035 | _aUPN01000080689 | ||
| 100 | _aTrust, Jerry | ||
| 222 | _aSCIENCE TEACHER | ||
| 245 | _aA habitat-forming experience | ||
| 300 | _a22-27 | ||
| 362 | _a58, No. 9, 1991 | ||
| 505 | _aDiciembre 1993 | ||
| 653 | 0 | _aACTIVIDADES CIENTIFICAS | |
| 653 | 0 | _aBIOLOGIA | |
| 653 | 0 | _aECOLOGIA | |
| 653 | 0 | _aINSTRUCCION CIENTIFICA | |
| 653 | 0 | _aPROYECTOS CIENTIFICOS | |
| 904 |
_aAC _b018500 |
||
| 905 | _aArticulo | ||
| 999 |
_c69631 _d69631 |
||